Mountain fisheries in developing countries

محفوظ في:
التفاصيل البيبلوغرافية
المؤلف الرئيسي: T. Petr
التنسيق: كتاب
اللغة:Undetermined
منشور في: Rome, Italy FAO 2003
الموضوعات:
الوسوم: إضافة وسم
لا توجد وسوم, كن أول من يضع وسما على هذه التسجيلة!
Thư viện lưu trữ: Trung tâm Học liệu Trường Đại học Cần Thơ
LEADER 00450nam a2200181Ia 4500
001 CTU_58495
008 210402s9999 xx 000 0 und d
082 |a 639.3 
082 |b P493 
100 |a T. Petr 
245 0 |a Mountain fisheries in developing countries 
245 0 |c T. Petr 
260 |a Rome, Italy 
260 |b FAO 
260 |c 2003 
650 |a fisheries 
904 |i Minh 
980 |a Trung tâm Học liệu Trường Đại học Cần Thơ